| 000 -LEADER |
| fixed length control field |
00483nam a22001577a 4500 |
| 008 - FIXED-LENGTH DATA ELEMENTS--GENERAL INFORMATION |
| fixed length control field |
131009b xxu||||| |||| 00| 0 hun d |
| 041 0# - LANGUAGE CODE |
| Language code of text/sound track or separate title |
hun |
| 080 ## - UNIVERSAL DECIMAL CLASSIFICATION NUMBER |
| Universal Decimal Classification number |
007 |
| 100 1# - Rafti |
| Rafti |
Hanika, F. de P. |
| 245 10 - TITLE STATEMENT |
| Title |
A vezetés új horizontja / |
| Statement of responsibility, etc |
F. de P. Hanika |
| 260 ## - |
| -- |
Budapest : |
| -- |
Közgazdasági és Jogi Könyvkiadó ; |
| -- |
1970 |
| 300 ## - |
| -- |
124 f. : |
| -- |
me il. ; |
| -- |
20 cm. |
| 500 ## - |
| -- |
Előszó : f. [VII] - [VIII] |
| 650 ## - |
| -- |
Kibernetika |
| 942 ## - ADDED ENTRY ELEMENTS (KOHA) |
| Source of classification or shelving scheme |
|
| Item type |
Books |